Alien contact : (Запис № 466718)

МАРК-запис
000 -LEADER
fixed length control field 01426cam a2200313Ia 4500
001 - CONTROL NUMBER
control field aliencontactfirs00rand
003 - CONTROL NUMBER IDENTIFIER
control field CaSfIA
005 - DATE AND TIME OF LATEST TRANSACTION
control field 20210117182703.0
007 - PHYSICAL DESCRIPTION FIXED FIELD--GENERAL INFORMATION
fixed length control field cr||||
008 - FIXED-LENGTH DATA ELEMENTS--GENERAL INFORMATION
fixed length control field 970820s1997 nyua b 001 0 eng d
040 ## - CATALOGING SOURCE
Original cataloging agency NVC
Transcribing agency NVC
Modifying agency OKS
-- CaSfIA
020 ## - INTERNATIONAL STANDARD BOOK NUMBER
International Standard Book Number 0760705453
020 ## - INTERNATIONAL STANDARD BOOK NUMBER
International Standard Book Number 9780760705452
035 ## - SYSTEM CONTROL NUMBER
System control number (OCoLC)37503601
050 #4 - LIBRARY OF CONGRESS CALL NUMBER
Classification number BF2050
Item number .R36 1997a
092 ## - LOCALLY ASSIGNED DEWEY CALL NUMBER (OCLC)
Classification number 001.942
100 1# - MAIN ENTRY--PERSONAL NAME
Personal name Randles, Jenny.
245 10 - TITLE STATEMENT
Title Alien contact :
Medium [electronic resource]
Remainder of title the first fifty years /
Statement of responsibility, etc Jenny Randles.
260 ## - PUBLICATION, DISTRIBUTION, ETC. (IMPRINT)
Place of publication, distribution, etc New York :
Name of publisher, distributor, etc Barnes & Noble,
Date of publication, distribution, etc c1997.
300 ## - PHYSICAL DESCRIPTION
Extent 144 p. :
Other physical details ill. ;
Dimensions 26 cm.
504 ## - BIBLIOGRAPHY, ETC. NOTE
Bibliography, etc Includes bibliographical references (p. 139-140) and index.
506 ## - RESTRICTIONS ON ACCESS NOTE
Standardized terminology for access restriction Необхідна авторизація на https://archive.org/ (створення облікового запису безкоштовно)
506 ## - RESTRICTIONS ON ACCESS NOTE
Standardized terminology for access restriction Необхідна авторизація на https://openlibrary.org/ (створення облікового запису безкоштовно)
650 #0 - SUBJECT ADDED ENTRY--TOPICAL TERM
Topical term or geographic name as entry element Human-alien encounters
General subdivision History.
856 41 - ELECTRONIC LOCATION AND ACCESS
Uniform Resource Identifier <a href="http://www.archive.org/details/aliencontactfirs00rand">http://www.archive.org/details/aliencontactfirs00rand</a>
Public note Free eBook from the Internet Archive
856 42 - ELECTRONIC LOCATION AND ACCESS
Uniform Resource Identifier <a href="http://www.openlibrary.org/books/OL23002506M">http://www.openlibrary.org/books/OL23002506M</a>
Public note Additional information and access via Open Library
942 ## - ADDED ENTRY ELEMENTS (KOHA)
Koha item type ЕКнига

Немає доступних примірників.